Del Cardener a L'Antàrtida
Enregistré dans:
| Auteur principal: | |
|---|---|
| Format: | Livre |
| Langue: | espagnol catalan |
| Publié: |
Barcelona
Kunst-Station Sankt Peter Köln
2003
Barcelona Centre Cultural El Casino Manresa 2003 Santiago Museo Nacional de Bellas Artes 2003 |
| Édition: | 1a. ed |
| Sujets: | |
| Tags: |
Ajouter un tag
Pas de tags, Soyez le premier à ajouter un tag!
|
MARC
| LEADER | 00000cam a2200000 a 4500 | ||
|---|---|---|---|
| 001 | UCC0337 | ||
| 003 | CL-VaPUC | ||
| 008 | 170804e20030000sp |||||||||||||||||spa|d | ||
| 020 | |a 8487202357 | ||
| 041 | 0 | 7 | |a spa |2 CL-VaPUC |
| 041 | 0 | 7 | |a cat |2 CL-VaPUC |
| 082 | 0 | 4 | |a 770.983 |b PRA |2 21 |
| 100 | 0 | |a Prats, Fernando |e author |9 594251 | |
| 245 | 1 | 0 | |a Del Cardener a L'Antàrtida |
| 246 | 1 | 0 | |a Del Cardener a la Antártida |
| 250 | |a 1a. ed | ||
| 300 | |a 319 p | ||
| 942 | |c BK | ||
| 945 | |d 20170804 10:39:00 |a arojas | ||
| 260 | |a Barcelona |b Kunst-Station Sankt Peter Köln |c 2003 | ||
| 260 | |a Barcelona |b Centre Cultural El Casino Manresa |c 2003 | ||
| 260 | |a Santiago |b Museo Nacional de Bellas Artes |c 2003 | ||
| 650 | 0 | |a Fotografía artística |9 269391 | |
| 650 | 0 | |a Artistas chilenos |9 344566 | |
| 583 | |a last modification |c 20170804 10:39:00 |k Rodrigo Vera | ||
| 999 | |c 369193 |d 369191 | ||
| 952 | |0 0 |1 0 |3 erb |4 0 |6 770_983000000000000_PRA_2003_2003_2003 |7 0 |8 R |9 484787 |a BIBART |b BIBART |i 541251K |o 770.983 PRA 2003 2003 2003 |p 541251K |r 2025-03-13 |w 2019-11-24 |y BK_R |z Catalogado en:20170804 |k ART | ||